| 000 | 00382nam a2200169Ia 4500 | ||
|---|---|---|---|
| 008 | 210210b1947 xxu||||| |||| 00| 0 eng d | ||
| 041 | _aeng | ||
| 082 | _a821/225 | ||
| 100 | _aDUNSANY | ||
| 245 | _aOdes of horace | ||
| 260 |
_aLondon _bWilliam Heinemann Ltd. _c1947 |
||
| 650 | _aof | ||
| 650 | _aOdes | ||
| 650 | _ahorace | ||
| 690 | _aEnglish Literature | ||
| 906 | _a011394 | ||
| 999 |
_c130069 _d130069 |
||